The american revolution: a constitutional interpretation
Uloženo v:
| Hlavní autor: | |
|---|---|
| Médium: | Kniha |
| Jazyk: | angličtina |
| Vydáno: |
Ithaca
Cornell University
1958
|
| Témata: | |
| Tagy: |
Přidat tag
Žádné tagy, Buďte první, kdo vytvoří štítek k tomuto záznamu!
|
MARC
| LEADER | 00000nam a2200000 a 4500 | ||
|---|---|---|---|
| 001 | UCS2673 | ||
| 003 | CL-VaPUC | ||
| 008 | 970604e19580000US |||||||||||||||||eng|d | ||
| 082 | 0 | 4 | |a 973.3 |b MCL |2 21 |
| 100 | |a Mcllwain, Charles Howard |e autor |9 388352 | ||
| 245 | 1 | 4 | |a The american revolution: a constitutional interpretation |
| 300 | |a 198 p | ||
| 942 | |c BK | ||
| 945 | |d 19970604 00:00:00 |a paguirre | ||
| 260 | |a Ithaca |b Cornell University |c 1958 | ||
| 650 | 0 | |a Historia |9 255047 | |
| 650 | 7 | |a REVOLUCIONES POLITICAS |2 CL-VaPUC |9 388353 | |
| 650 | 0 | |a Monarquía |9 255259 | |
| 650 | 7 | |a SISTEMAS POLITICOS |2 CL-VaPUC |9 388354 | |
| 650 | 0 | |a Democracia |9 255256 | |
| 651 | 0 | |a Estados Unidos |9 255178 | |
| 583 | |a last modification |c 19970604 00:00:00 |k Rodrigo Vera | ||
| 999 | |c 260612 |d 260610 | ||
| 952 | |0 0 |1 0 |4 0 |6 973_300000000000000_MCL_1958 |7 0 |8 P |9 286845 |a BIBDER |b BIBDER |d 2019-11-19 |i 1864084 |o 973.3 MCL 1958 |p 1864084 |r 2023-01-25 |w 2019-11-19 |y BK |k DER | ||